<?xml version="1.0" encoding="UTF-8"?>
<record
    xmlns:xsi="http://www.w3.org/2001/XMLSchema-instance"
    xsi:schemaLocation="http://www.loc.gov/MARC21/slim http://www.loc.gov/standards/marcxml/schema/MARC21slim.xsd"
    xmlns="http://www.loc.gov/MARC21/slim">

  <leader>00486nam a22001697a 4500</leader>
  <controlfield tag="005">20251121143308.0</controlfield>
  <controlfield tag="008">251121b        |||||||| |||| 00| 0 eng d</controlfield>
  <datafield tag="020" ind1=" " ind2=" ">
    <subfield code="a">978-1-4390-4848-7</subfield>
  </datafield>
  <datafield tag="100" ind1=" " ind2=" ">
    <subfield code="a">LARSON, RON</subfield>
  </datafield>
  <datafield tag="245" ind1=" " ind2=" ">
    <subfield code="a">ALGEBRA AND TRIGONOMETRY</subfield>
  </datafield>
  <datafield tag="250" ind1=" " ind2=" ">
    <subfield code="a">8TH ED</subfield>
  </datafield>
  <datafield tag="260" ind1=" " ind2=" ">
    <subfield code="b">CENGAGE LEARNING</subfield>
    <subfield code="c">2011</subfield>
  </datafield>
  <datafield tag="300" ind1=" " ind2=" ">
    <subfield code="a">XI, 884P.</subfield>
  </datafield>
  <datafield tag="500" ind1=" " ind2=" ">
    <subfield code="a">INCLUDES INDEX</subfield>
  </datafield>
  <datafield tag="700" ind1=" " ind2=" ">
    <subfield code="a">1. ALGEBRA- TEXTBOOKS 2. TRIGONOMETRY - TEXTBOOKS 3. MATHEMATICS -STUDY AND TEACHING</subfield>
  </datafield>
  <datafield tag="942" ind1=" " ind2=" ">
    <subfield code="2">lcc</subfield>
    <subfield code="c">BK</subfield>
  </datafield>
  <datafield tag="999" ind1=" " ind2=" ">
    <subfield code="c">216256</subfield>
    <subfield code="d">216256</subfield>
  </datafield>
  <datafield tag="952" ind1=" " ind2=" ">
    <subfield code="0">0</subfield>
    <subfield code="1">0</subfield>
    <subfield code="2">lcc</subfield>
    <subfield code="4">0</subfield>
    <subfield code="6">QA0152 L37  02011</subfield>
    <subfield code="7">0</subfield>
    <subfield code="8">SCT</subfield>
    <subfield code="9">373583</subfield>
    <subfield code="a">KSUL</subfield>
    <subfield code="b">KSUL</subfield>
    <subfield code="c">DISPLAY</subfield>
    <subfield code="d">2025-11-21</subfield>
    <subfield code="i">110039</subfield>
    <subfield code="l">0</subfield>
    <subfield code="o">QA 152 .L37 2011</subfield>
    <subfield code="p">000000002044</subfield>
    <subfield code="r">2025-11-21 14:34:42</subfield>
    <subfield code="t">C.1</subfield>
    <subfield code="w">2025-11-21</subfield>
    <subfield code="y">BK</subfield>
  </datafield>
  <datafield tag="952" ind1=" " ind2=" ">
    <subfield code="0">0</subfield>
    <subfield code="1">0</subfield>
    <subfield code="2">lcc</subfield>
    <subfield code="4">0</subfield>
    <subfield code="6">QA0152 L37  02011</subfield>
    <subfield code="7">0</subfield>
    <subfield code="8">SCT</subfield>
    <subfield code="9">373584</subfield>
    <subfield code="a">KSUL</subfield>
    <subfield code="b">KSUL</subfield>
    <subfield code="c">DISPLAY</subfield>
    <subfield code="d">2025-11-21</subfield>
    <subfield code="i">110040</subfield>
    <subfield code="l">0</subfield>
    <subfield code="o">QA 152 .L37 2011</subfield>
    <subfield code="p">000000002043</subfield>
    <subfield code="r">2025-11-21 14:34:00</subfield>
    <subfield code="t">C.2</subfield>
    <subfield code="w">2025-11-21</subfield>
    <subfield code="y">BK</subfield>
  </datafield>
  <datafield tag="952" ind1=" " ind2=" ">
    <subfield code="0">0</subfield>
    <subfield code="1">0</subfield>
    <subfield code="2">lcc</subfield>
    <subfield code="4">0</subfield>
    <subfield code="6">QA0152 L37  02011</subfield>
    <subfield code="7">0</subfield>
    <subfield code="8">SCT</subfield>
    <subfield code="9">373585</subfield>
    <subfield code="a">KSUL</subfield>
    <subfield code="b">KSUL</subfield>
    <subfield code="c">DISPLAY</subfield>
    <subfield code="d">2025-11-21</subfield>
    <subfield code="i">110041</subfield>
    <subfield code="l">0</subfield>
    <subfield code="o">QA 152 .L37 2011</subfield>
    <subfield code="p">000000002150</subfield>
    <subfield code="r">2025-11-21 14:34:00</subfield>
    <subfield code="t">C.3</subfield>
    <subfield code="w">2025-11-21</subfield>
    <subfield code="y">BK</subfield>
  </datafield>
  <datafield tag="952" ind1=" " ind2=" ">
    <subfield code="0">0</subfield>
    <subfield code="1">0</subfield>
    <subfield code="2">lcc</subfield>
    <subfield code="4">0</subfield>
    <subfield code="6">QA0152 L37  02011</subfield>
    <subfield code="7">0</subfield>
    <subfield code="8">SCT</subfield>
    <subfield code="9">373586</subfield>
    <subfield code="a">KSUL</subfield>
    <subfield code="b">KSUL</subfield>
    <subfield code="c">DISPLAY</subfield>
    <subfield code="d">2025-11-21</subfield>
    <subfield code="i">110042</subfield>
    <subfield code="l">0</subfield>
    <subfield code="o">QA 152 .L37 2011</subfield>
    <subfield code="p">000000002149</subfield>
    <subfield code="r">2025-11-21 14:34:00</subfield>
    <subfield code="t">C.4</subfield>
    <subfield code="w">2025-11-21</subfield>
    <subfield code="y">BK</subfield>
  </datafield>
</record>
